000 00185 a2200097 4500
020 _a9780802126085
041 _aeng
100 _aCook, Thomas H.
245 _aSandrines case
942 _cBK
999 _c8152
_d8152